Física : para las ciencias de la vida /

Guardado en:
Autor Principal: Cromer, Alan H.
Formato: Libro
Publicado: Barcelona : Reverté, 2009
Edición:2a. ed.
Materias:
Etiquetas: Agregar Etiqueta
Sin Etiquetas, Sea el primero en etiquetar este registro!
LEADER 00995nam a22002055a 4500
001 CEM.cems017534
005 20110509110313.0
008 130507s2009##################000#0#####d
003 CEMS
020 |a 9788429118087 
082 0 4 |a 530 
100 1 |a Cromer, Alan H. 
245 1 0 |a Física :  |b para las ciencias de la vida /  |c Alan H: Cromer 
250 |a 2a. ed. 
260 |a Barcelona :  |b Reverté,  |c 2009 
300 |a 578 p. 
505 0 |a Mecánica -- Medida -- Fuerza -- Momento -- Dinámica -- Energía -- Impetu -- Propiedades de la materia -- Fluidos -- Gases -- Líquidos -- Sólidos -- Calor y termodinámica -- Calor -- Termodinámica -- Fenómenos ondulatorios -- Ondas -- El sonido -- La luz -- Optica -- Electricidad y magnetismo -- Electricidad -- Corriente -- Magnetismo -- Instrumentación -- Física moderna -- Atomos -- Núcleos 
653 |a Física 
859 |a CEMS  |b BIB. CEMS - Agricultura  |h 530  |i C880a2  |p A1315.11  |t Ej.1 
859 |a CEMS  |b BIB. CEMS - Agricultura  |h 530  |i C880a2  |p A2156.14  |t Ej.2